[Event "Chigorin Memorial 27th"]
[Site "St Petersburg"]
[Date "2019.10.11"]
[Round "7"]
[White "Ananjev, Ilija"]
[Black "Borisenko, Ekaterina"]
[Result "1-0"]
[WhiteElo "1741"]
[BlackElo "1442"]
[PlyCount "54"]
[EventDate "2019.10.05"]
[EventType "swiss"]
[EventRounds "9"]
[EventCountry "RUS"]
[SourceTitle "EXT 2021"]
[Source "ChessBase"]
[SourceDate "2020.10.23"]
[SourceVersion "1"]
[SourceVersionDate "2020.10.23"]
[SourceQuality "1"]

1. d4 Nf6 2. c4 g6 3. Nc3 d5 4. cxd5 Nxd5 5. Qa4+ Bd7 6. Qb3 Nxc3 7. bxc3 b6 8. e3 Bg7 9. Nf3 0-0 10. Be2 Be6 11. Qc2 c5 12. 0-0 cxd4 13. cxd4 Nd7 14. Ba3 Rc8 15. Qa4 a5 16. Bb5 Nf6 17. Ne5 Bd5 18. Rac1 Rc7 19. f3 Qb8 20. e4 Bb7 21. Rxc7 Qxc7 22. Rc1 Qb8 23. Bxe7 Rc8 24. Rxc8+ Bxc8 25. Bc4 Be6 26. Bxe6 fxe6 27. Qc4 h6 1-0

[Event "Chigorin Memorial 27th"]
[Site "St Petersburg"]
[Date "2019.10.09"]
[Round "5"]
[White "Golovanskikh, Dmitriy"]
[Black "Borisenko, Ekaterina"]
[Result "1-0"]
[WhiteElo "1764"]
[BlackElo "1442"]
[PlyCount "51"]
[EventDate "2019.10.05"]
[EventType "swiss"]
[EventRounds "9"]
[EventCountry "RUS"]
[SourceTitle "EXT 2020"]
[Source "ChessBase"]
[SourceDate "2019.10.17"]
[SourceVersion "1"]
[SourceVersionDate "2019.10.17"]
[SourceQuality "1"]

1. d4 Nf6 2. Bf4 g6 3. e3 Bg7 4. Nf3 d5 5. Nbd2 Nh5 6. Bg5 h6 7. Bh4 g5 8. Ne5 Nf6 9. Bg3 0-0 10. h4 b6 11. hxg5 hxg5 12. Bd3 c5 13. c3 Be6 14. Ndf3 c4 15. Bc2 g4 16. Ng5 Qc8 17. Nh7 Re8 18. f3 gxf3 19. Qxf3 Nbd7 20. Ng5 Nxe5 21. dxe5 Ng4 22. 0-0-0 Nxe5 23. Bxe5 Bxe5 24. Qh5 Rd8 25. Rdf1 f5 26. Qg6+ 1-0